Regions naturelles et noms de pays (Record no. 67935)

MARC details
000 -LEADER
campo de control de longitud fija 00470nam a2200157 i 4500
001 - NÚMERO DE CONTROL
campo de control 67935
003 - IDENTIFICADOR DE NÚMERO DE CONTROL
campo de control ES-MaACL
005 - FECHA Y HORA DE LA ÚLTIMA TRANSACCIÓN
campo de control 20230906170156.0
007 - CAMPO FIJO DE DESCRIPCIÓN FÍSICA--INFORMACIÓN GENERAL
campo de control de longitud fija t|
008 - DATOS DE LONGITUD FIJA--INFORMACIÓN GENERAL
campo de control de longitud fija 040216s1908 fr ||||1| fre d
100 1# - ENTRADA PRINCIPAL--NOMBRE DE PERSONA
Nombre de persona Gallois, Leonard.
9 (RLIN) 53642
245 10 - MENCIÓN DEL TÍTULO
Título Regions naturelles et noms de pays
Resto del título : etude sur la region parisienne /
Mención de responsabilidad, etc. Leonard Gallois.
260 ## - PUBLICACIÓN, DISTRIBUCIÓN, ETC.
Lugar de publicación, distribución, etc. [S.l. :
Nombre del editor, distribuidor, etc. s.n.,
Fecha de publicación, distribución, etc. 1908] (
Lugar de fabricación/manufactura Chartres :
Fabricante Durand)
300 ## - DESCRIPCIÓN FÍSICA
Extensión 356 p. ;
Dimensiones 23 cm.
852 ## - LOCALIZACIÓN
Ubicación ES-MaACL
Número de control de estantería F-1988
Holdings
Estatus retirado Estado de pérdida Estado de daño No para préstamo Biblioteca de origen Biblioteca actual Ubicación en estantería Fecha de adquisición Fuente de adquisición Total de préstamos Signatura topográfica completa Código de barras Visto por última vez Precio de reemplazo Tipo de ítem Koha
        Biblioteca del Ateneo de Madrid Biblioteca del Ateneo de Madrid Depósito 2 17/01/2008     F-1988 1071126 23/02/2023 23/02/2023 Libro impreso